| 000 | 01490nam a2200481 i 4500 | ||
|---|---|---|---|
| 001 | 22663 | ||
| 003 | KOSZ 005 | ||
| 005 | 20201217114132.0 | ||
| 008 | 990506s1984 pl f |000 0 pol | ||
| 015 | _aPB 1984/4150 | ||
| 020 | _a8301018712 | ||
| 035 | _a991009667179705066 | ||
| 035 | _a(PL-WaBN)b12613228-48omnis_nlop | ||
| 035 | _ab12613228 | ||
| 035 | _a(OCoLC)835925026 | ||
| 035 | _a(PL)b0000001261322 | ||
| 035 | _a(EXLNZ-48OMNIS_NETWORK)9910275055105606 | ||
| 040 |
_aWA N _cWA N _dKOSZ 005/EG |
||
| 041 | 0 | _apol | |
| 046 | _k1975 | ||
| 080 | _a16 | ||
| 080 | _a(075.8) | ||
| 100 | 1 |
_aKraszewski, Zdzisław _d(1925- ) _eAutor |
|
| 245 | 1 | 0 |
_aLogika, nauka rozumowania / _cZdzisław Kraszewski. |
| 250 | _aWyd. 4. | ||
| 260 |
_aWarszawa : _bPańst. Wydaw. Naukowe, _c1984. |
||
| 300 |
_a274, [2] s. ; _c24 cm. |
||
| 336 |
_2rdacontent _aTekst _btxt |
||
| 337 |
_2rdamedia _aBez urządzenia pośredniczącego _bn |
||
| 338 |
_2rdacarrier _aWolumin _bnc |
||
| 380 | _aKsiążki | ||
| 380 | _aPublikacje dydaktyczne | ||
| 385 |
_mPoziom nauczania _aSzkoły wyższe |
||
| 388 | _a1901-2000 | ||
| 388 | _a1945-1989 | ||
| 650 | 7 |
_aLogika _2DBN |
|
| 655 | 7 |
_aPodręczniki akademickie _2DBN |
|
| 658 | _aFilozofia i etyka | ||
| 710 | 2 | _aPaństwowe Wydawnictwo Naukowe | |
| 856 |
_uhttp://koha.tu.koszalin.pl/cgi-bin/koha/opac-detail.pl?biblionumber=22663 _yKatalog online BPK |
||
| 942 |
_2UKD _cKS |
||
| 999 |
_c22663 _d22663 |
||